Statystyki dla Alfabet angielski w 30 sekund

Kliknij tutaj aby rozwiązać quiz!

Ogólne statystyki

  • Ten quiz został rozwiązany 245 razy
  • Średni wynik to 23 z 26

Statystyki odpowiedzi

kolejnośćlitera% Poprawnych
1a
97%
2b
97%
5e
97%
9i
97%
3c
96%
10j
95%
4d
94%
8h
92%
12l
92%
6f
91%
7g
91%
13m
90%
15o
90%
11k
89%
16p
88%
14n
87%
18r
87%
19s
85%
20t
84%
21u
83%
25y
81%
23w
80%
17q
79%
26z
78%
24x
77%
22v
69%

Rozkład punktacji

Percentyl według liczby udzielonych odpowiedzi

Procent ludzi z każdym wynikiem

Twoja historia wyników

Nie rozwiązałeś tego quizu